Civilization, past and present : a survey of the history of man, his governmental, economic, social, religious, intellectual, and esthetic activities from the earliest times to the present, in Europe, in Asia, and in the Americas /

محفوظ في:

المؤلف الرئيسي: Wallbank, T. Walter, 1901-

مؤلفون آخرون: Taylor, Alastair MacDonald (joint author)

التنسيق: كتاب

اللغة: English

منشور في: Chicago : Scott, Foresman, [1949].

الطبعة: Rev. ed.

الموضوعات:

الوسوم: إضافة وسم

لا توجد وسوم, كن أول من يضع وسما على هذه التسجيلة!

رقم الطلب: CB57 .W33 1949 v.1

LEADER 01003nam a2200217Ia 4500
003 OSt
005 20251110091130.0
008 211223s1949 iluab b 000 0 eng d
040 |c ARCE Library 
050 4 |a CB57 .W33 1949 v.1 
100 1 |a Wallbank, T. Walter,   |q (Thomas Walter),   |d 1901-  
245 1 0 |a Civilization, past and present :   |b a survey of the history of man, his governmental, economic, social, religious, intellectual, and esthetic activities from the earliest times to the present, in Europe, in Asia, and in the Americas /   |c [by] T. Walter Wallbank [and] Alastair M. Taylor.  |h   
250 |a Rev. ed. 
264 1 |a Chicago :   |b Scott, Foresman,   |c [1949]. 
300 |a v. <1> :   |b illus., maps ;  |c 26 cm. 
504 |a v.1. From the beginning of civilization through the discovery and conquest of the New world. Paleolithic Era to 1650 A.D. 
650 0 |a Civilization   |x History. 
700 1 |a Taylor, Alastair MacDonald,   |e joint author 
901 |a reviewed 
942 |2 lcc  |c BK 
999 |c 41230  |d 41230